00420nam a22001577a 4500003000700000005001700007008004100024082001600065100002300081245005200104250001100156260002800167300000800195490002000203650003900223MPLRDC20220104152830.0210129b ||||| |||| 00| 0 eng d a811.35 GBC  a龚鹏程等纪录 a大珠小珠落玉盘 - 当代名家谈艺录c a初版 ab暖流出版社c1980 b平 a暖流文库. 5 a各种文章作法--小品, 随笔